书目信息 |
| 题名: |
游戏改变世界
|
|
| 作者: | 麦戈尼格尔 著 ;闾佳 译 | |
| 分册: | ||
| 出版信息: | 北京 北京联合出版公司 2016.09 |
|
| 页数: | 337页 | |
| 开本: | 24cm | |
| 丛书名: | ||
| 单 册: | ||
| 中图分类: | G898.3 | |
| 科图分类: | ||
| 主题词: | 计算机网络--ji suan ji wang lao--游戏--研究--美国 | |
| 电子资源: | ||
| ISBN: | 978-7-5502-8687-0 | |
| 000 | 01533nam0 2200277 450 | |
| 001 | 0109110116 | |
| 005 | 20201109110335.0 | |
| 010 | @a978-7-5502-8687-0@dCNY59.90 | |
| 100 | @a20181129e20202016em y0chiy50 ea | |
| 101 | 1 | @achi@ceng |
| 102 | @aCN@b110000 | |
| 105 | @aa z 000yy | |
| 106 | @ar | |
| 200 | 1 | @a游戏改变世界@Ayou xi gai bian shi jie@e游戏化如何让现实变得更美好@dReality is broken@ewhy games make us better and how they can change the world@e经典版@f(美)简·麦戈尼格尔(Jane McGonigal)著@g闾佳译@zeng |
| 210 | @a北京@c北京联合出版公司@d2016.09@h2020.01 | |
| 215 | @a337页@c图@d24cm | |
| 314 | @a简·麦戈尼格尔(JaneMcGonigal),著名未来学家,未来趋势智库“未来研究所”游戏研发总监,美国著名交互式娱乐服务公司42Entertainment首席设计师,全球产值达604亿美元的视频游戏行业大使。 | |
| 330 | @a本书作者用大量实践告诉我们,该如何驾驭游戏的力量,解决现实问题、塑造美好的未来。作者从“游戏,通往未来的线索”入手,逐步分析了“游戏化,互联时代的重要趋势”“游戏化的4大目标”,进而详细讲述了“游戏化的运作机制”,探讨了“游戏化带给互联时代的现实价值”。 | |
| 510 | 1 | @aReality is broken@ewhy games make us better and how they can change the world@zeng |
| 517 | 1 | @a游戏化如何让现实变得更美好@Ayou xi hua ru he rang xian shi bian de geng mei hao |
| 606 | 0 | @a计算机网络@Aji suan ji wang lao@x游戏@x研究@y美国 |
| 690 | @aG898.3@v5 | |
| 701 | 0 | @c(美)@a麦戈尼格尔@Amai ge ni ge er@c(女,McGonigal, Jane)@4著 |
| 702 | 0 | @a闾佳@Alv jia@c(翻译)@4译 |
| 801 | 0 | @aCN@bBJSZM@c20201103 |
| 905 | @b1267125-8@dG898.3@e464@f4 | |
| 游戏改变世界:游戏化如何让现实变得更美好=Reality is broken:why games make us better and how they can change the world:经典版/(美)简·麦戈尼格尔(Jane McGonigal)著/闾佳译.-北京:北京联合出版公司,2016.09(2020.01) |
| 337页:图;24cm |
| ISBN 978-7-5502-8687-0:CNY59.90 |
| 本书作者用大量实践告诉我们,该如何驾驭游戏的力量,解决现实问题、塑造美好的未来。作者从“游戏,通往未来的线索”入手,逐步分析了“游戏化,互联时代的重要趋势”“游戏化的4大目标”,进而详细讲述了“游戏化的运作机制”,探讨了“游戏化带给互联时代的现实价值”。 |
| ● |
| 相关链接 |
|
|
|
|
正题名:游戏改变世界
索取号:G898.3/464
 
预约/预借
| 序号 | 登录号 | 条形码 | 馆藏地/架位号 | 状态 | 备注 |
| 1 | 1267125 | 212671250 | 第一样本阅览室/ [索取号:G898.3/464] | 在馆 | |
| 2 | 1267126 | 212671269 | 教育系资料室/ [索取号:G898.3/464] | 在馆 | |
| 3 | 1267127 | 212671278 | 教育系资料室/ [索取号:G898.3/464] | 在馆 | |
| 4 | 1267128 | 212671287 | 第四借阅区/ [索取号:G898.3/464] | 在馆 |